000 00361 a2200157 4500
001 156306
020 _a8532904734
040 _cEscola São Tomás de Aquino
100 _aAMADOR, Paulo
240 1 0 _aRei Branco, Rainha Negra
_lpor
245 1 0 _aRei Branco, Rainha Negra
300 _a191
362 0 _a1990
697 _a*LITERATURA JUVENIL
942 _cBK
999 _c156306
_d156306